<?xml version="1.0" encoding="UTF-8"?>
<record
    xmlns:xsi="http://www.w3.org/2001/XMLSchema-instance"
    xsi:schemaLocation="http://www.loc.gov/MARC21/slim http://www.loc.gov/standards/marcxml/schema/MARC21slim.xsd"
    xmlns="http://www.loc.gov/MARC21/slim">

  <leader>01299nam a2200289   4500</leader>
  <datafield tag="952" ind1=" " ind2=" ">
    <subfield code="0">0</subfield>
    <subfield code="1">0</subfield>
    <subfield code="4">0</subfield>
    <subfield code="7">0</subfield>
    <subfield code="a">01</subfield>
    <subfield code="b">01</subfield>
    <subfield code="d">2017-05-27</subfield>
    <subfield code="l">1</subfield>
    <subfield code="o">659.1 D599p</subfield>
    <subfield code="p">01 007041</subfield>
    <subfield code="r">2018-05-31</subfield>
    <subfield code="s">2018-05-31</subfield>
    <subfield code="t">1</subfield>
    <subfield code="w">2017-05-27</subfield>
    <subfield code="y">LB</subfield>
  </datafield>
  <datafield tag="999" ind1=" " ind2=" ">
    <subfield code="c">102017</subfield>
    <subfield code="d">102017</subfield>
  </datafield>
  <controlfield tag="005">20231102152029.0</controlfield>
  <controlfield tag="008">170527s1981    mx ao||| |||| 00| 0 spa d</controlfield>
  <datafield tag="020" ind1=" " ind2=" ">
    <subfield code="a">9682600375</subfield>
  </datafield>
  <datafield tag="082" ind1=" " ind2=" ">
    <subfield code="a">659.1</subfield>
    <subfield code="b">D599p</subfield>
  </datafield>
  <datafield tag="100" ind1="1" ind2=" ">
    <subfield code="a">Dirksen, Charles J.</subfield>
    <subfield code="e">autor</subfield>
  </datafield>
  <datafield tag="240" ind1=" " ind2=" ">
    <subfield code="a">Advertising principles and problems</subfield>
  </datafield>
  <datafield tag="245" ind1=" " ind2=" ">
    <subfield code="a">Principios y problemas de la publicidad</subfield>
    <subfield code="c">/ Charles J. Dirksen, Arthur Kroeger ; traducci&#xF3;n de Jos&#xE9; Alfonso Garza Rusca</subfield>
  </datafield>
  <datafield tag="250" ind1=" " ind2=" ">
    <subfield code="a">2a. edici&#xF3;n</subfield>
  </datafield>
  <datafield tag="260" ind1=" " ind2=" ">
    <subfield code="a">M&#xE9;xico</subfield>
    <subfield code="b">: CECSA</subfield>
    <subfield code="c">, 1981</subfield>
  </datafield>
  <datafield tag="300" ind1=" " ind2=" ">
    <subfield code="a">650 p&#xE1;ginas</subfield>
    <subfield code="b">: ilustradiones, fotograf&#xED;as</subfield>
  </datafield>
  <datafield tag="336" ind1=" " ind2=" ">
    <subfield code="a">texto</subfield>
  </datafield>
  <datafield tag="337" ind1=" " ind2=" ">
    <subfield code="a">sin medio</subfield>
  </datafield>
  <datafield tag="338" ind1=" " ind2=" ">
    <subfield code="a">vol&#xFA;men</subfield>
  </datafield>
  <datafield tag="500" ind1=" " ind2=" ">
    <subfield code="a">Incluye: Casos al final de cada cap&#xED;tulo ; Fuentes de la informaci&#xF3;n suplementaria p. 633 ; &#xCD;ndice de cacos pag. 641</subfield>
  </datafield>
  <datafield tag="505" ind1=" " ind2=" ">
    <subfield code="a">Conceptos publicitarios
Estrategia publicitaria
Preparaci&#xF3;n del anuncio
Composici&#xF3;n de medios de difusi&#xF3;n
Encuenstas publicitarias
Integraci&#xF3;n de los planes publicitarios
Aspectos legales
Informaci&#xF3;n suplementaria
</subfield>
  </datafield>
  <datafield tag="519" ind1=" " ind2=" ">
    <subfield code="a">Plan Flexible / </subfield>
    <subfield code="b">Ciencias de la Comunicaci&#xF3;n /</subfield>
    <subfield code="c">Taller de Campa&#xF1;as Publicitarias (P07-2)</subfield>
    <subfield code="d">(01 007041)</subfield>
  </datafield>
  <datafield tag="650" ind1="1" ind2="4">
    <subfield code="a">PUBLICIDAD</subfield>
  </datafield>
  <datafield tag="650" ind1="2" ind2="4">
    <subfield code="a">PROPAGANDA COMERCIAL</subfield>
  </datafield>
  <datafield tag="700" ind1=" " ind2=" ">
    <subfield code="a">Kroeger, Arthur</subfield>
    <subfield code="e">autor</subfield>
  </datafield>
  <datafield tag="700" ind1=" " ind2=" ">
    <subfield code="a">Garza Rusca, Jos&#xE9; Alfonso</subfield>
    <subfield code="e">traductor</subfield>
  </datafield>
  <datafield tag="942" ind1=" " ind2=" ">
    <subfield code="c">LB</subfield>
  </datafield>
</record>
